| 000 | 00323nam a2200133 a 4500 | ||
|---|---|---|---|
| 001 | 4673 | ||
| 003 | CDMR | ||
| 005 | 20130116135259.0 | ||
| 008 | 130130s2007||||||||||||||||||||||||||||d | ||
| 040 |
_aCDMR _bcat _cCPC GIRONA |
||
| 245 | 0 | _aGuia comunicació 2007 | |
| 260 |
_c2007 _bCPC - Tarragona i Terres de l'Ebre |
||
| 942 | _cMON | ||
| 999 |
_c4673 _d4673 |
||